Programa nacional de semillas, 1978-1985; versión preliminar
Propuesta de programa nacional de semillas, en el cual se definen metas de producción -a mediano plazo- para los principales cultivos de Costa Rica, con la pretención de poner al alcance de los agricultores semillas mejoradas que permitan incrementar la productividad de los cultivos. Proporciona ant...
Guardat en:
| Autor corporatiu: | |
|---|---|
| Format: | Text |
| Publicat: |
San José:
La Oficina
|
| Matèries: | |
| Etiquetes: |
Afegir etiqueta
Sense etiquetes, Sigues el primer a etiquetar aquest registre!
|
MARC
| LEADER | 00000 a a2200000 04500 | ||
|---|---|---|---|
| 001 | 13237 | ||
| 003 | |||
| 040 | |||
| 020 | |a [sin ISBN] | ||
| 022 | |a [sin ISBN] | ||
| 090 | |a 023600 | ||
| 110 | |a Costa Rica. Oficina de Planificación Nacional y Política Económica | ||
| 245 | |a Programa nacional de semillas, 1978-1985; versión preliminar | ||
| 260 | |a San José: |b La Oficina | ||
| 300 | |a 27 p. |b **no definido** | ||
| 520 | |a Propuesta de programa nacional de semillas, en el cual se definen metas de producción -a mediano plazo- para los principales cultivos de Costa Rica, con la pretención de poner al alcance de los agricultores semillas mejoradas que permitan incrementar la productividad de los cultivos. Proporciona antecedentes sobre la utilización de semillas mejoradas en el país. Se analiza la situación actual en la producción de semillas mejoradas (inversiones, resultados, industrias existentes, etc.). Finalmente, describe el programa en sí, incluidos: objetivos, metas -para los granos básicos, algodón, para, soya, maní y ajonjolí-, organización y mecanismos de acción del programa, y costos y beneficios del programa. FH/mb | ||
| 650 | |a SEMILLAS | ||
| 650 | |a CULTIVOS DE GRANOS | ||
| 650 | |a PRODUCCION VEGETAL | ||
| 650 | |a VARIEDADES DE ALTO RENDIMIENTO | ||
| 650 | |a AGROINDUSTRIA | ||
| 650 | |a GRANOS | ||
| 650 | |a ALGODON | ||
| 650 | |a SOYA | ||
| 650 | |a MANI | ||
| 650 | |a PAPA | ||
| 650 | |a SEMILLAS | ||
| 650 | |a CULTIVOS DE GRANOS | ||
| 650 | |a COSTOS | ||
| 650 | |a SIEMBRA | ||
| 650 | |a INGRESO AGRICOLA | ||
| 650 | |a PRODUCCION VEGETAL | ||
| 650 | |a PAPA | ||
| 650 | |a ARROZ | ||
| 650 | |a MAIZ | ||
| 650 | |a FRIJOLES | ||
| 999 | |c 10469 |d 10469 | ||
